000 01182nam a2200277Ia 4500
999 _c38478
_d38478
001 4491
003 GE_BSU
005 20191016162020.0
008 181216s2010||||ge |||||||||||||| ||geo||
020 _a9789941102912
040 _cGE_BSU
041 _ageo
080 _a811.353.32 მ–47
245 _aმეგრულის ლინგვისტური ანალიზი.
264 _aთბილისი :
_bმერიდიანი,
_c2010.
300 _a698 გვ. ;
_b24 სმ.
500 _aპროექტი განხორციელდა ილიას სახელმწიფო უნ–ტში
504 _aბიბლიოგრ. : გვ. 663-695
653 _aმეგრული ტექსტები
653 _a სამეგრელოს ეთნოგრაფია
700 _aკარტოზია, გ.
_eავტორი
_94756
700 _aგერსამია, რუსუდან
_eავტორი
_94757
700 _aლომია, მაია
_eავტორი
_94758
700 _aცხადაია, თაია
_eავტორი
_94759
942 _cBK
_2udc